000 01478cam a22003857a 4500
001 14901073
005 20161107120146.0
008 070622s2007 ne ab b 001 0 eng
010 _a 2007931574
015 _aGBA750889
_2bnb
016 7 _a013783481
_2Uk
020 _a0080467342 (hbk.)
020 _a9780080467344 (hbk.)
035 _a(OCoLC)ocn153553207
040 _aUKM
_cUKM
_dBAKER
_dYDXCP
_dBWKUK
_dOHX
_dBTCTA
_dDLC
042 _alccopycat
050 0 0 _aTP359.H8
_bD74 2007
082 0 4 _a333.794
_222
_bDRE
100 1 _aDrennen, Thomas E.,
_d1956-
_93597
245 1 0 _aPathways to a Hydrogen Future /
_cThomas E. Drennen, Jennifer E. Rosthal.
260 _aAmsterdam ;
_aBoston ;
_aLondon :
_bElsevier, 2007
_c2007.
300 _axiv, 288 p. :
_bill., maps ;
_c24 cm. +
_e1 CD-ROM (4 3/4 in.)
500 _aIncludes Index.
504 _aIncludes bibliographical references and index.
650 0 _aEconomic forecasting.
_93599
650 0 _aPower resources
_xTechnological innovations.
_93600
653 _bMec
650 0 _93598
_aHydrogen as fuel
700 1 _aRosthal, Jennifer E.
_93601
856 4 2 _3Publisher description
_uhttp://www.loc.gov/catdir/enhancements/fy0805/2007931574-d.html
856 4 1 _3Table of contents
_uhttp://www.loc.gov/catdir/toc/fy0803/2007931574.html
942 _2ddc
_cBB
999 _c11282
_d11282